00453pab a2200133 454500008004000000100001800040245014900058260000900207300001500216362001200231650002100243700002200264773003300286180718b2011 xxu||||| |||| 00| 0 eng d aLeRoux, Kelly aCity managers, career incentives, and municipal service decisions: The effects of managerial progressive ambition on interlocal service delivery c2011 ap.627-636. aJul-Aug aPublic utilities aPandey, Sanjay K. aPublic Administration Review